000 00787nam a2200229Ia 4500
003 GCL
008 140319s9999 xx 000 0 ara d
040 _aGCL /
_cGCL
082 0 4 _a629.134
_bم م
100 1 _aمحمد سمير الببيلى
245 1 0 _aموسوعة عالم الطيران :
_bFLIGHT /
_cمحمد سمير الببيلى
260 _aسوريا :
_bدار الشرق للطباعة والنشر ،
_c2005
300 _a2 مج ؛
_c28 سم
650 0 4 _aالطائرات
650 0 4 _aالمطارات
650 0 4 _aهندسة الطيران
650 0 4 _aالطائرات - انواع
650 0 4 _aالطائرات - اجهزة
650 0 4 _aالطائرات - اجهزة الكترونية
650 0 4 _aقيادة الطائرات
942 _2ddc
_cBK
999 _c9990
_d9990